The Americanization of the global village : (Record no. 6007)
[ view plain ]
| 000 -LEADER | |
|---|---|
| fixed length control field | 01864cam a2200241 4500 |
| 001 - CONTROL NUMBER | |
| control field | 7080 |
| 005 - DATE AND TIME OF LATEST TRANSACTION | |
| control field | 20181127182848.0 |
| 008 - FIXED-LENGTH DATA ELEMENTS--GENERAL INFORMATION | |
| fixed length control field | 890908s1989 ohua b s000 0 eng |
| 020 ## - INTERNATIONAL STANDARD BOOK NUMBER | |
| International Standard Book Number | 0879724692 (clothbound) |
| International Standard Book Number | 0879724706 (pbk.) |
| 082 00 - DEWEY DECIMAL CLASSIFICATION NUMBER | |
| Classification number | 306.4/09/04 |
| Edition number | 20 |
| 100 ## - MAIN ENTRY--PERSONAL NAME | |
| Personal name | Rollin, Roger B. |
| Numeration | |
| Titles and words associated with a name | |
| Dates associated with a name | |
| Relator term | editor |
| Fuller form of name | |
| 245 04 - TITLE STATEMENT | |
| Title | The Americanization of the global village : |
| Remainder of title | essays in comparative popular culture / |
| Statement of responsibility, etc. | edited by Roger Rollin. |
| 260 ## - PUBLICATION, DISTRIBUTION, ETC. | |
| Place of publication, distribution, etc. | Bowling Green, Ohio : |
| Name of publisher, distributor, etc. | Bowling Green State University Popular Press, |
| Date of publication, distribution, etc. | c1989. |
| 300 ## - PHYSICAL DESCRIPTION | |
| Extent | 154 p. : |
| Other physical details | ill. ; |
| Dimensions | 24 cm. |
| 504 ## - BIBLIOGRAPHY, ETC. NOTE | |
| Bibliography, etc. note | Includes bibliographical references. |
| 505 ## - FORMATTED CONTENTS NOTE | |
| Formatted contents note | President Mitterrand also watches Dallas : American mass media and French national policy / Chantal Cinquin -- Intellectuals are more popular in France : the case of French and American game shows / Wendy Pfeffer -- Images of the United States in selected Mexican comic books / Charles Tatum -- Cat People and mean streets : American popular film genres in the work of Manuel Puig and Wim Wenders / Joan Worley -- Cheyennes in the Black Forest : a social drama / Yolanda Broyles González -- NBC's docudrama, Holocaust, and concepts of National Socialism in the United States and the Federal Republic of Germany / Bruce A. Murray -- Singing against hunger : French and American popular musicians' efforts at charity / André J.M. Prévos -- And now, he-e-e-e-re's Misha! : Soviet television since perestroika / Alexandra Heidi Karriker. Rocky IV meets La Grande Illusion : pedagogy and theory in popular culture study / Christine Anne Holmlund. |
| Miscellaneous information | |
| Statement of responsibility | |
| Title | |
| 650 #0 - SUBJECT ADDED ENTRY--TOPICAL TERM | |
| Topical term or geographic name entry element | Popular culture |
| General subdivision | History |
| Chronological subdivision | 20th century. |
| Topical term or geographic name entry element | Popular culture |
| Geographic subdivision | United States |
| General subdivision | History |
| Chronological subdivision | 20th century. |
| 700 1# - ADDED ENTRY--PERSONAL NAME | |
| Personal name | Rollin, Roger B. |
| Withdrawn status | Lost status | Source of classification or shelving scheme | Damaged status | Not for loan | Collection code | Home library | Current library | Shelving location | Serial Enumeration / chronology | Inventory number | Total Checkouts | Full call number | Barcode | Date last seen | Price effective from | Koha item type |
|---|---|---|---|---|---|---|---|---|---|---|---|---|---|---|---|---|
| Dewey Decimal Classification | Main TEST | RTC Library | RTC Library | Main opac | 10921 | 306.4 ROL | 30010710 | 27/11/2018 | 27/11/2018 | Main |